Ariana Grande - make up (lyrics) - Statistics

General Stats
  • This quiz has been taken 334 times
  • The average score is 166 of 222
Answer Stats
Answer % Correct
Make
99%
*
98%
I
98%
Up
98%
A
96%
Love
96%
You
96%
To
95%
Just
94%
Like
94%
My
94%
When
94%
Be
93%
We
92%
With
92%
It
91%
The
91%
Me
89%
Go
87%
Way
86%
'Cause
85%
Wanna
85%
Break
83%
Name
82%
Of
82%
Screaming
81%
That
79%
(That
79%
(Yeah,
79%
An
78%
At
77%
Ruin
77%
Day,
76%
Day
76%
End
74%
I'm
73%
Know
73%
Might
73%
Ahead,
71%
And
70%
In
70%
Boy
69%
Beauty
67%
So
66%
Fenty
65%
Really
64%
Kit
63%
Wake
63%
Attitude
62%
Attitude,
62%
Don't
62%
'Bout
60%
Can
60%
Energy
60%
Right
60%
Right)
60%
Surprise
59%
Life,
58%
Mad
58%
Highlight
57%
Look,
56%
Stay
56%
Tonight
56%
Bed
54%
It's
54%
Let
54%
Sorry
54%
Argument
53%
Is
53%
Out
53%
After
52%
All
52%
Box,
52%
Kiss
52%
Lips,
52%
Mood,
52%
Shut
52%
Vibe,
51%
Stick
50%
Fix
49%
Coincide
48%
Pops,
48%
That's
48%
Where
48%
Bring
46%
Match
46%
But
45%
Promise
45%
No
44%
On,
44%
Staying
43%
Say
42%
You'll
42%
Looking
41%
Eyeliner
39%
Everytime
38%
Mine
34%
Mine)
34%
Bag
33%
Works
31%
Dream
29%
(Dream
29%
Find
28%
Hey,
15%
Hey)
15%
No matching quizzes found
Score Distribution
Percent of People with Each Score
Percentile by Number Answered
Your Score History
You have not taken this quiz